|
|
|
|
| LEADER |
00000cam a2200000 a 4500 |
| 001 |
vtls011756806 |
| 003 |
SK-MaSNL |
| 005 |
20260311122603.0 |
| 008 |
251104s1936 xr grbny 001 0 cze |
| 015 |
|
|
|a SNBA1936/04
|
| 020 |
|
|
|q (brožované)
|
| 035 |
|
|
|a urn:nbn:sk:snk-am00cvr6
|
| 035 |
|
|
|a urn:nbn:sk:snk-am3hnxn
|
| 035 |
|
|
|a 6CE8B92F-65F8-4735-A86B-33DFC43348F8
|
| 040 |
|
|
|a SNK
|b slo
|c SNK
|e AACR2
|
| 041 |
0 |
|
|a cze
|
| 043 |
|
|
|a e-cs---
|
| 044 |
|
|
|a xr
|c CZ
|
| 072 |
|
7 |
|a 81
|x Lingvistika. Jazyky
|2 konspekt
|
| 072 |
|
7 |
|a 80
|x Filológia
|2 konspekt
|
| 072 |
|
7 |
|a 01
|x Bibliografia. Katalógy
|2 konspekt
|
| 080 |
|
|
|a 81'1
|2 2011
|
| 080 |
|
|
|a 81'1
|2 2001
|
| 080 |
|
|
|a 811.1/.2
|2 2011
|
| 080 |
|
|
|a 811.16
|2 2011
|
| 080 |
|
|
|a 811.162.3
|2 2011
|
| 080 |
|
|
|a 80
|2 2011
|
| 080 |
|
|
|a (437)
|2 2011
|
| 080 |
|
|
|a (048.8)
|2 2011
|
| 080 |
|
|
|a 016
|2 2011
|
| 080 |
|
|
|a (058)
|2 2011
|
| 245 |
0 |
0 |
|a Bibliografie československých prací linguistických a filologických za rok 1934
|n Část I.
|p Linguistika obecná, indoevropská, slovanská a česká
|c [s pomocí B. Havránka, V. Machka, J. Mukařovského, Fr. Oberpfalcera a V. Šmilauera sestavil J.M. Kořínek]
|
| 246 |
1 |
5 |
|a Bibliografie československých prací o jazykovědě obecné, indoevropské, slovanské a české
|
| 246 |
3 |
0 |
|a Linguistika obecná, indoevropská, slovanská a česká
|
| 260 |
|
|
|a V Praze
|b Česká akademie věd a umění
|c 1936
|
| 300 |
|
|
|a 82 strán
|c 23 cm
|
| 500 |
|
|
|a Názov z doplnkovej titulnej strany: Bibliografie československých prací o jazykovědě obecné, indoevropské, slovanské a české
|
| 500 |
|
|
|a Skratky na strane 81-82. Opravy na strane 82
|
| 504 |
|
|
|a Obsahuje bibliografické odkazy. Menný register na strane 75-80
|
| 648 |
|
7 |
|a 1934
|2 SNKPH
|9 281683
|
| 650 |
0 |
7 |
|a lingvistika
|2 SNKPH
|9 860
|
| 650 |
0 |
7 |
|a všeobecná lingvistika
|2 SNKPH
|9 51563
|
| 650 |
0 |
7 |
|a indoeurópske jazyky
|2 SNKPH
|9 1332
|
| 650 |
0 |
7 |
|a slovanské jazyky
|2 SNKPH
|9 1338
|
| 650 |
0 |
7 |
|a čeština
|2 SNKPH
|9 1319
|
| 650 |
0 |
7 |
|a filológia
|2 SNKPH
|9 861
|
| 651 |
|
7 |
|a Československo
|2 SNKPHgeo
|9 21376
|
| 655 |
|
7 |
|a prehľady
|2 SNKPH
|9 70194
|
| 655 |
|
7 |
|a odborné bibliografie
|2 SNKPH
|9 70558
|
| 655 |
|
7 |
|a ročenky
|2 SNKPH
|9 57146
|
| 700 |
1 |
|
|a Kořínek, Josef Miloslav,
|d 1899-1945
|4 com
|9 249225
|
| 700 |
1 |
|
|a Machek, Václav,
|d 1894-1965
|4 com
|9 176019
|
| 700 |
1 |
|
|a Mukařovský, Jan,
|d 1891-1975
|4 com
|9 110929
|
| 700 |
1 |
|
|a Jílek, František,
|d 1890-1973
|4 com
|9 116475
|
| 700 |
1 |
|
|a Šmilauer, Vladimír,
|d 1895-1983
|4 com
|9 109882
|
| 700 |
1 |
|
|a Havránek, Bohuslav,
|d 1893-1978
|4 com
|9 106872
|
| 752 |
|
|
|a Česko
|d Praha
|
| 852 |
|
|
|a Slovenská národná knižnica
|
| 954 |
|
|
|a odborná, vedecká literatúra cudzojazyčná (svetová)
|2 lita
|
| 958 |
|
|
|a EUIPO
|
| 958 |
|
|
|a RK
|
| 958 |
|
|
|a TL
|
| 958 |
|
|
|a CZ
|
| 958 |
|
|
|a NB
|
| 958 |
|
|
|a OND
|
| 958 |
|
|
|a SF
|
| 958 |
|
|
|a SS
|
| 999 |
|
|
|c 597613
|d 599543
|
| 952 |
|
|
|a SNK
|b SNK
|y VYP
|7 0
|p 17A1541463
|o snkSC 2021/1/1934 D1
|i snkKSF 987/59
|8 5
|0 0
|1 0
|4 0
|d 2024-01-18
|l 0
|r 2026-02-23 15:44:27
|w 2026-02-23
|
| 952 |
|
|
|a SNK
|b SNK
|y PREZ
|7 0
|p 17A0306572
|o snkSC 2021/1/1934
|i snk1434/49
|0 0
|1 0
|4 0
|d 2001-07-11
|f 1
|l 0
|r 2025-06-11 00:00:00
|w 2026-02-23
|